000 00459nam a2200157Ia 4500
003 GCL
008 140319s9999 xx 000 0 ara d
040 _aGCL /
_cGCL
082 0 4 _aد
_b050
100 1 _aامينة احمد حسن
245 1 0 _aاراء هامة لطلاب الثانوية العامة (اقرا 498 ) /
_cامينة احمد حسن
300 _a118
490 _aاقرأ
_v0
650 0 4 _aالثانوية العامة
942 _2ddc
_cBK
999 _c48890
_d48890